[Event "Budapest Spring Festival 2018"]
[Site "Budapest"]
[Date "2018.04.18"]
[Round "1"]
[White "Kumar, Nikhil"]
[Black "Kotronias, Vasilios"]
[Result "1/2-1/2"]
[WhiteElo "2287"]
[BlackElo "2509"]
[Annotator "TA"]
[PlyCount "186"]
[EventDate "2018.??.??"]
[EventType "swiss"]
[EventCountry "HUN"]
[SourceTitle "playchess.com"]
[Source "ChessBase"]
[SourceQuality "1"]

{[%evp 24,186,51,41,46,50,43,50,52,30,60,49,66,59,63,0,10,0,0,0,0,0,-16,-39,-17,-37,0,0,0,-17,0,0,22,-35,-37,-81,-37,-37,-37,-37,-38,-49,-37,-29,-39,-44,-20,-44,-44,-64,-64,-64,-64,-64,-81,-66,-23,-22,-26,-15,-8,-105,-94,-110,-8,-8,-8,-8,-8,-11,-12,-21,-8,-8,-8,-8,-8,-8,-8,-8,-8,-8,0,0,0,-8,-8,-4,-8,-83,-73,-87,-85,-114,0,-18,-8,-8,-8,-8,0,-18,-8,-18,0,-18,-18,-18,-18,-18,-18,-18,-18,-18,-18,-18,-18,-18,-18,-18,-16,-18,-16,-18,-18,-18,-18,-18,-18,-18,-18,-18,-18,-18,-18,-18,-18,-18,-18,-18,-18,-26,-26,-26,-26,-26,-26,-26,-26,-26,-26,-26,-26,-26,-26,-26,-26,-26,-26,-26,-26,-26,-26,-26,-26]} 1. d4 Nf6 2. Nf3 g6 3. e3 Bg7 4. Be2 O-O 5. O-O d6 6. c4 Nbd7 7. Nc3 e5 8. Qc2 Re8 9. Rd1 e4 10. Nd2 Qe7 {E61: King's Indian: Early deviations for White, including Smyslov System} 11. b4 Nf8 12. Bb2 h5 13. Rac1 {LiveBook: 6 Games} Bg4 (13... Bf5 14. Nb3 N8h7 15. d5 h4 16. Nd4 Bd7 17. c5 dxc5 18. bxc5 Qxc5 {½-½ (59) Grischuk,A (2785)-Caruana,F (2779) Elancourt 2013}) 14. Bxg4 $146 ({Predecessor:} 14. h3 Bxe2 15. Nxe2 N8h7 16. d5 Nd7 17. Bxg7 Kxg7 18. c5 {½-½ (56) Hamitevici,V (2484)-Bates,R (2341) Reading 2016}) 14... hxg4 15. d5 N8h7 16. Ne2 Ng5 17. c5 Rad8 18. cxd6 (18. Qb3 {seems wilder.} Nh5 19. cxd6 cxd6 20. Bxg7 Nxg7 21. b5) 18... cxd6 19. Ng3 (19. Qc4 $14) 19... Nh5 20. Bxg7 Nxg3 21. fxg3 Kxg7 22. Qc3+ Kh6 23. Qd4 f5 24. Rc2 Qd7 25. Rdc1 Qb5 26. Nb3 Re5 27. Rd2 Nh7 28. Nc5 (28. Rc7 $11) 28... Rc8 $15 29. Rcc2 a5 (29... Nf6 {is interesting.} 30. a4 Qb6 31. Ne6 Rxc2 32. Rxc2 Nxd5 33. Rc8 g5) 30. a4 Qxb4 31. Qxb4 axb4 32. Nxb7 Rxd5 33. Rxd5 Rxc2 {[%mdl 4096] Endgame KRN-KRN} 34. Rb5 Ra2 35. Rxb4 Nf6 36. Nxd6 Nd5 37. Rb3 Rxa4 38. Nb5 Ra1+ 39. Kf2 Rd1 40. Nd4 Rd2+ 41. Ne2 g5 42. h3 (42. Ke1 $11 {keeps the balance.} Ra2 43. h3) 42... Kh5 $17 43. Ke1 {[#]} Ra2 (43... Rd3 $1 $17 {[%cal Rd3b3]} 44. Rxd3 exd3) 44. Kf2 Nc7 45. Rb7 Rc2 46. Rb6 Nd5 47. Rb3 $1 gxh3 48. gxh3 Kg6 49. Ke1 Kf6 50. Kf1 Ra2 51. Ke1 Ra1+ 52. Kf2 Rh1 53. Kg2 Rd1 54. Kf2 Ke5 55. Rb5 Kd6 56. Nd4 (56. h4 $11) 56... f4 57. gxf4 gxf4 58. Nf5+ {[#]} Kc6 (58... Ke6 $1 $17 {[%cal Re6f5]} 59. Nd4+ Ke5) 59. Rb3 Rd2+ 60. Ke1 $132 {[%mdl 2048] White has counterplay} Rh2 {...f3 is the strong threat.} 61. exf4 $1 Kc5 62. Ng3 Kc4 63. Ra3 Nc3 64. Rxc3+ Kxc3 65. Nxe4+ $11 {KR-KN} Kd4 66. Nf2 Rg2 67. Ke2 Rg3 68. h4 Re3+ 69. Kf1 Rf3 70. Kg2 Rxf4 71. Kg3 Rf5 72. Nh3 Ke5 73. Kg4 Rf8 74. Ng5 Rf4+ 75. Kg3 Kf5 76. Nf3 Rg4+ 77. Kf2 Kf4 78. Ne1 Ke4 79. Ng2 Rg6 80. Ne1 Rg8 81. Ng2 Rg4 82. h5 Rg5 {Black has an edge.} 83. Ne1 Rxh5 84. Ng2 Rh3 85. Ne1 Re3 86. Ng2 Rf3+ 87. Ke2 Ra3 (87... Rf6 {with more complications.} 88. Ne1 Rf7 89. Nd3 Re7 90. Ne1 Ra7) 88. Kf2 $1 Rc3 89. Nh4 Rc1 90. Ng2 Rc2+ 91. Kg3 Rd2 92. Nh4 Rd8 93. Ng2 Rf8 {Precision: White = 63%, Black = 60%.} 1/2-1/2

[Event "Budapest Spring Festival 2018"]
[Site "Budapest"]
[Date "2018.04.18"]
[Round "1"]
[White "Vanczak, Tamas"]
[Black "Korpa, Bence"]
[Result "0-1"]
[WhiteElo "2282"]
[BlackElo "2499"]
[Annotator "TA"]
[PlyCount "58"]
[EventDate "2018.??.??"]
[EventType "swiss"]
[EventCountry "HUN"]
[SourceTitle "playchess.com"]
[Source "ChessBase"]
[SourceQuality "1"]

{[%evp 15,58,5,18,0,0,-3,0,0,43,14,9,6,29,18,43,10,53,0,20,33,20,-40,-17,-29,-31,-29,-52,-85,-60,-108,-116,-117,-110,-110,-112,-144,-148,-485,-482,-468,-369,-315,-349,-530,-575]} 1. e4 c5 2. Nf3 e6 3. d4 cxd4 4. Nxd4 Nc6 5. Nc3 Qc7 6. Nb3 a6 7. Bd3 Nf6 {B43: Sicilian: Kan Variation: 5 Nc3} (7... d6 8. Be3 Nf6 9. f4 b5 10. Qf3 Bb7 11. O-O Be7 12. a4 b4 13. Nb1 O-O 14. a5 e5 15. f5 d5 16. N1d2 Nb8 17. Rae1 Nbd7 18. g4 dxe4 19. Nxe4 Nxe4 20. Bxe4 Bxe4 21. Qxe4 Rac8 {½-½ (21) Bartel,M (2613)-Gurevich,V (2475) Germany 2018}) 8. Qe2 Be7 {LiveBook: 3 Games} 9. Bd2 b5 {[%cal Bb7b5,Bb5b4][%mdl 32] The position is equal.} 10. O-O b4 $146 ({Find the theoretical novelty and annotate with similar games:} 10... O-O 11. f4 b4 12. Nd1 d6 13. Nf2 a5 14. c3 {0-1 (36) Aaron,D (2346)-Rohde,M (2443) ICC INT 2014}) 11. Na4 d5 (11... Ne5 $5 {[%cal Rc7c6]}) 12. c4 {[#] Strongly threatening exd5.} dxe4 13. Bxe4 {And now Bf4 would win.} Nxe4 14. Qxe4 O-O 15. Rfe1 e5 16. f4 ({Better is} 16. Rad1 $14) 16... Bh4 17. Rf1 Bf6 18. Kh1 ({White should try} 18. Be3 $11) 18... g6 $36 {[%mdl 2048] Black has some pressure.} 19. fxe5 Bf5 20. Qf3 Bxe5 21. Bf4 Rfe8 22. Bxe5 Nxe5 23. Qg3 {[#] Black must now prevent Rxf5.} Bd3 24. Rfe1 Bxc4 25. Nd2 Bb5 26. Nb6 $2 {[%mdl 8192]} (26. Nf3 $17 {is tougher.}) 26... Qxb6 $19 27. Rxe5 Rxe5 28. Qxe5 Re8 29. Qg3 (29. Qf4 {was necessary.} Re2 30. Nf3) 29... Qd4 {Precision: White = 10%, Black = 62%.} 0-1

[Event "Budapest Spring Festival 2018"]
[Site "Budapest"]
[Date "2018.04.18"]
[Round "1"]
[White "Reznak, Attila"]
[Black "Galyas, Miklos"]
[Result "1/2-1/2"]
[WhiteElo "2280"]
[BlackElo "2495"]
[Annotator "TA"]
[PlyCount "82"]
[EventDate "2018.??.??"]
[EventType "swiss"]
[EventCountry "HUN"]
[SourceTitle "playchess.com"]
[Source "ChessBase"]
[SourceQuality "1"]

{[%evp 14,82,2,16,60,60,70,0,0,0,0,-24,0,0,28,4,25,23,20,4,25,0,0,-29,0,-18,-10,-54,-47,-93,0,-34,0,0,-2,-28,0,0,74,63,96,109,90,10,47,33,33,23,39,47,46,46,73,46,46,46,55,53,61,54,62,52,43,50,74,43,56,0,84,87,83]} 1. d4 d6 2. e4 Nf6 3. Nc3 g6 4. f3 c6 5. Be3 Nbd7 6. Qd2 b5 7. O-O-O Nb6 {B07: Pirc Defence: Miscellaneous Systems} (7... b4 8. Nce2 Qa5 9. Kb1 Ba6 10. Nc1 Bxf1 11. Rxf1 Nb6 12. Qd3 Bg7 13. Nb3 Qb5 14. Qxb5 cxb5 15. Na5 {0-1 (74) Triapishko,O (2508)-Mamedyarov,S (2791) Sochi 2017}) 8. Bd3 {LiveBook: 5 Games} Nc4 9. Bxc4 $1 bxc4 {White is slightly better.} 10. e5 (10. Bh6 $14) 10... Nd5 $11 11. Nxd5 cxd5 12. Bf4 $146 ({Predecessor:} 12. Ne2 e6 13. Bg5 Qb6 14. Bf6 Rb8 15. Qc3 {½-½ (24) Lyell,M (2238)-Galyas,M (2460) Budapest 2016}) 12... e6 13. Ne2 Rb8 14. exd6 Bxd6 15. Bxd6 Qxd6 16. h4 h5 (16... f6 {feels hotter.} 17. g4 O-O 18. h5 g5 19. f4 h6) 17. Rde1 Bd7 18. Qc3 Kd8 19. g3 {[%cal Bg2g3,Bg3g4][%mdl 32]} Kc7 20. a3 Rb6 21. g4 Kb7 ({Better is} 21... Rhb8 $17 22. gxh5 gxh5) 22. Qe3 Rb8 {[#] White must now prevent ...Ka8.} 23. Nc3 Ka8 24. Nd1 c3 25. Qxc3 hxg4 (25... Rb3 $11 {keeps the balance.} 26. cxb3 Rc8) 26. fxg4 $16 Qf4+ {[#]} 27. Qe3 $1 {[%cal Re3f4]} Qxg4 28. Reg1 (28. Nf2 $16 Qf5 29. Nd3) 28... Qh5 29. Rf1 Be8 30. Qe5 Qh6+ 31. Qf4 Qf8 32. Rf3 Rc6 33. h5 gxh5 34. Rxh5 Qe7 35. Rh8 Qb7 36. Rh2 Rc4 37. Rhh3 Qb6 38. Rd3 a5 39. Rh2 Ka7 40. Rhh3 (40. Qf2 $14) 40... Rb7 (40... Ka8 $11) 41. b3 Rcc7 {Precision: White = 38%, Black = 33%.} 1/2-1/2

[Event "Budapest Spring Festival 2018"]
[Site "Budapest"]
[Date "2018.04.18"]
[Round "1"]
[White "Sanchez, Louis"]
[Black "Jarmula, Lukasz"]
[Result "1/2-1/2"]
[WhiteElo "2270"]
[BlackElo "2492"]
[Annotator "TA"]
[PlyCount "52"]
[EventDate "2018.??.??"]
[EventType "swiss"]
[EventCountry "HUN"]
[SourceTitle "playchess.com"]
[Source "ChessBase"]
[SourceQuality "1"]

{[%evp 17,52,11,8,6,22,27,8,8,17,12,13,15,60,54,120,126,144,114,116,95,103,102,172,164,183,0,0,0,0,0,0,0,0,0,0,0,0]} 1. Nf3 Nf6 2. g3 d5 3. Bg2 c5 4. O-O e6 5. c4 d4 6. d3 Nc6 7. e3 {A09: Réti Opening: 1 Nf3 d5 2 c4} e5 (7... Bd6 8. Na3 O-O 9. exd4 cxd4 10. Nc2 e5 11. b4 Re8 12. Rb1 a5 13. a3 axb4 14. axb4 {1-0 (35) Duda,J (2717)-Kravtsiv,M (2672) Riadh 2017}) 8. Re1 Be7 9. exd4 exd4 {LiveBook: 3 Games} 10. Bf4 O-O 11. Ne5 Nxe5 12. Bxe5 Bd6 13. Bxf6 Qxf6 14. Nd2 Bc7 $146 ({Find the theoretical novelty and annotate with similar games:} 14... Bf5) 15. Ne4 Qb6 (15... Qf5 $14) 16. Qh5 $16 Qxb2 17. Rab1 Qxa2 18. Qxc5 Qa5 19. Qxd4 Bf5 {[#]} (19... Be5 $16 20. Qc5 Qc7) 20. Qe3 $1 $18 Bb6 {[#]} 21. c5 $2 (21. d4 $1 $18) 21... Bxe4 $1 $11 {The position is equal.} 22. cxb6 Bxg2 23. Kxg2 axb6 24. Rxb6 Rad8 25. Rxb7 Rxd3 26. Qxd3 Qxe1 {Precision: White = 81%, Black = 41%.} 1/2-1/2

[Event "Budapest Spring Festival 2018"]
[Site "Budapest"]
[Date "2018.04.18"]
[Round "1"]
[White "Bach, Matthias"]
[Black "Horvath, Adam"]
[Result "0-1"]
[WhiteElo "2264"]
[BlackElo "2486"]
[Annotator "TA"]
[PlyCount "128"]
[EventDate "2018.??.??"]
[EventType "swiss"]
[EventCountry "HUN"]
[SourceTitle "playchess.com"]
[Source "ChessBase"]
[SourceQuality "1"]

{[%evp 12,128,0,0,-5,-40,-38,-37,0,0,0,0,0,-3,-11,-68,-60,-54,-49,-85,-73,-113,-107,-112,-91,-99,-97,-144,-143,-145,-153,-136,-124,-128,-120,-121,-127,-145,-132,-141,-130,-205,-188,-196,-203,-259,-155,-156,-136,-134,-50,-147,-141,-121,-137,-140,-141,-215,-196,-182,-182,-267,-264,-304,-305,-303,-299,-301,-300,-306,-220,-350,-341,-380,-380,-390,-239,-239,-239,-241,-242,-242,-242,-242,-230,-220,-229,-221,-206,-296,-296,-470,-459,-493,-461,-492,-490,-488,-416,-416,-372,-499,-500,-490,-470,-488,-488,-472,-466,-636,-592,-6544,-6103,-29972,-29972,-29970,-29972,-29966,-12704]} 1. d4 Nf6 2. c4 e6 3. Nc3 Bb4 4. Bg5 b6 5. e4 (5. f3 c5 6. d5 h6 7. Bh4 Ba6 8. e4 exd5 9. cxd5 Bxf1 10. Kxf1 Bxc3 11. bxc3 d6 12. Qa4+ Qd7 {1-0 (31) Bologan,V (2693)-Fier,A (2571) Caleta 2011}) 5... h6 6. Bxf6 {E30: Nimzo-Indian: Leningrad Variation} Qxf6 7. Nf3 {LiveBook: 4 Games} c5 8. Rc1 $146 {The position is equal.} ({Find the theoretical novelty and annotate with similar games:} 8. e5 Qf4 9. a3 cxd4 10. Qxd4 Qxd4 11. Nxd4 Bxc3+ 12. bxc3 Na6 13. Nb5 Ke7 14. Bd3 {0-1 (47) Caurapan Osses,J (2208)-Velasquez Ojeda,C (2282) Santiago de Chile 2007}) 8... cxd4 9. Qxd4 Nc6 (9... Bb7 {NOTEXT} 10. Qe3 Bc5 11. Qd2 O-O 12. Be2 d6) 10. Qxf6 gxf6 11. a3 Bd6 12. Nb5 Bb8 13. c5 (13. Be2 $11) 13... bxc5 $15 14. Rxc5 Bb7 15. Rh5 Ke7 16. Be2 Ne5 17. Nc3 Nxf3+ 18. gxf3 Be5 19. Rg1 Rac8 20. Kd2 Rc5 21. Rh4 Rhc8 {[%cal Re5c3]} 22. Rc1 Bd4 23. Rxh6 Bxf2 24. Rc2 Bd4 25. Bd3 f5 {[%cal Bf6f5,Bf5f4][%mdl 32]} 26. Rh3 (26. exf5 $17 Bxf3 27. fxe6 dxe6 28. Rh3) 26... f4 $1 $19 27. Rh4 Be3+ 28. Ke2 Rg8 (28... Rg5 $19 29. Rg4 Rxg4 30. fxg4 Rh8) 29. Rg4 $17 {[#]} Rh8 $1 {[%cal Rh8h2]} 30. h4 d6 ({Black should try} 30... f5 $17 31. exf5 exf5 32. Rg7+ Kd8) 31. Nd1 (31. b4 $15 Rc6 32. Bb5) 31... Rxc2+ 32. Bxc2 {[#]} Bc1 $1 33. a4 Bc8 34. Nf2 (34. Bb3 $17) 34... Be3 35. Bd3 e5 36. Rg7 (36. Rg2 {was worth a try.}) 36... Be6 $19 37. Ng4 Bc5 38. Bb5 Kf8 39. Rg5 {If White can now play h5 this consolidates a bit.} Rxh4 40. Nf6 Ke7 41. Ng4 (41. Rh5 {might work better.} Rxh5 42. Nxh5) 41... Rh8 42. Rg7 a5 43. Kd3 Bxg4 44. Rxg4 {[%mdl 4096] Endgame KRB-KRB} Rh3 45. Ke2 Rh2+ 46. Kd1 Rxb2 47. Rg7 Kf8 48. Rh7 Kg8 49. Rh5 Rb3 50. Rg5+ (50. Rh3 $142) 50... Kf8 51. Rf5 (51. Ke2 $142) 51... Rxf3 52. Bc4 Ra3 53. Rxf7+ Ke8 54. Rf5 Kd8 55. Bb5 Re3 56. Bc6 Kc7 57. Bd5 Ra3 58. Rf7+ Kb6 59. Rb7+ Ka6 60. Bc6 {[#]} Rxa4 $1 {[%mdl 512]} 61. Bxa4 {And now Rc7 would win.} Kxb7 62. Kd2 Kb6 {Black mates.} 63. Bd1 Kb5 64. Kc3 Bd4+ {Precision: White = 37%, Black = 81%.} 0-1

[Event "Budapest Spring Festival 2018"]
[Site "Budapest"]
[Date "2018.04.18"]
[Round "1"]
[White "Nemeth, Zoltan"]
[Black "Reshef, Omer"]
[Result "0-1"]
[WhiteElo "2257"]
[BlackElo "2482"]
[Annotator "TA"]
[PlyCount "142"]
[EventDate "2018.??.??"]
[EventType "swiss"]
[EventCountry "HUN"]
[SourceTitle "playchess.com"]
[Source "ChessBase"]
[SourceQuality "1"]

{[%evp 19,142,0,4,-14,-6,0,0,0,0,-30,-40,-34,-35,-40,-27,-25,-31,-25,-32,-26,-26,-25,-25,-21,-25,-33,-31,-37,-6,-8,0,-1,-1,-1,-1,-4,-1,-110,-110,-110,-110,-110,-110,-110,-97,-91,-90,-118,-90,-98,-73,-73,-73,-98,-98,-98,-73,-273,-252,-272,-260,-568,-244,-320,-322,-286,-244,-209,-155,-406,-404,-557,-524,-1141,-822,-723,-677,-796,-808,-746,-684,-677,-677,-677,-677,-677,-677,-677,-677,-666,-666,-638,-612,-29961,-29968,-550,-508,-29976,-29967,-29959,-29957,-29984,-29985,-29985,-29979,-29979,-29980,-29984,-29985,-29986,-29980,-29984,-29985,-29985,-29986,-29986,-29986,-29986,-29987,-29987,-29988,-29989,-29990,-29998,-29991]} 1. d4 d5 2. c4 c6 3. cxd5 cxd5 4. Nc3 Nf6 5. Bf4 Nc6 6. e3 Bf5 7. Bd3 Bxd3 8. Qxd3 e6 9. Nf3 Be7 10. O-O Nh5 {LiveBook: 3 Games. D14: Slav Defence: Exchange variation with ...Bf5} (10... O-O 11. Rfc1 Rc8 12. h3 a6 13. Ne5 Nxe5 14. Bxe5 Qd7 15. Rc2 Rc6 16. Rac1 Rfc8 17. Bxf6 Bxf6 18. Na4 Rxc2 19. Rxc2 Rxc2 20. Qxc2 Be7 21. b3 {½-½ (31) Cordova,E (2587)-Bruzon Batista,L (2672) Merida 2017}) 11. Bg3 Nxg3 12. hxg3 O-O {The position is equal.} 13. Rfc1 Rc8 14. e4 $146 ({Predecessor:} 14. Qb5 Qd7 15. Na4 Ne5 16. Qxd7 Nxd7 17. Kf1 f5 18. Nc3 {½-½ (30) Nezad,H (2422)-Al Sayed,M (2510) Ashkhabad 2017}) 14... dxe4 15. Qxe4 Bf6 {[%cal Rc6d4]} 16. Rd1 Qe7 17. d5 exd5 18. Qxd5 Bxc3 19. bxc3 Qf6 20. c4 g6 21. c5 Rfd8 22. Qb3 Rc7 23. a4 Qe7 24. Rxd8+ Nxd8 25. Re1 Ne6 26. Nd4 $1 Rxc5 27. Nxe6 Rc6 {[%cal Rc6e6]} 28. Rb1 (28. Kh2 $11 {remains equal.}) 28... Rb6 $1 $17 {[%cal Rb6b3]} ({Don't play} 28... Qxe6 $6 29. Qxe6 Rxe6 30. Rxb7 $11) (28... fxe6 $6 29. Qxb7 Rc1+ 30. Kh2 $11) 29. Qc2 {Intending Qc8+ and mate.} Qxe6 30. Rxb6 Qxb6 {[%mdl 4096] Endgame KQ-KQ} 31. Qe4 Qb2 32. Kh2 Kg7 33. f4 a6 34. a5 b5 35. Qb7 Qf6 36. Qb6 {[#]} h6 $1 {[%cal Bh7h6,Bh6h5,Bh5h4][%mdl 32]} 37. Kg1 g5 {[%cal Bg6g5,Bg5g4][%mdl 32]} 38. f5 $2 (38. fxg5 $17 {is a better defense.} hxg5 39. g4) 38... h5 $19 ({Weaker is} 38... Qxf5 39. Qxa6 b4 40. Qb6 $17) 39. Kh2 g4 ({Not} 39... Qxf5 40. Qxa6 Qe5 41. Qb7 $17) 40. Kg1 $2 (40. Qc7 {is tougher.}) 40... Qa1+ (40... h4 $142 41. Qb8 hxg3 42. Qxg3 Qd4+ 43. Kf1 b4) 41. Kf2 Qb2+ 42. Kg1 Qf6 43. Qc5 h4 44. Kh2 $2 {[#]} (44. Qb4 $17 {was forced.}) 44... h3 $1 {[%mdl 512] Strongly threatening ...Qb2.} 45. Qf2 (45. gxh3 Qb2+) 45... hxg2 46. Kg1 Qe5 47. Kxg2 b4 48. Qd2 {If only White now had time for Qg5+....} Qxf5 49. Qxb4 Qf3+ 50. Kh2 Qf2+ 51. Kh1 Qf1+ 52. Kh2 Qh3+ 53. Kg1 Qxg3+ 54. Kh1 Qf3+ 55. Kg1 Qe3+ 56. Kg2 {[#]} Qe2+ $1 57. Kg1 Kg6 {Threatens to win with ...Kg5.} 58. Qb6+ (58. Qf8 $19 f5 59. Qd8) 58... f6 {Black mates.} 59. Qd8 Kg5 60. Kh1 g3 {[%csl Gg3][%cal Re2h2]} 61. Qd5+ Qe5 62. Qd2+ Qf4 63. Qd5+ Kh4 {[%cal Rf4f1]} 64. Qd1 Qg4 65. Kg2 Qh3+ 66. Kf3 Qf5+ 67. Ke3 Qf2+ 68. Kd3 g2 69. Qa4+ Kg3 70. Qe8 Qf5+ 71. Ke2 Qe5+ {Precision: White = 41%, Black = 66%.} 0-1

[Event "Budapest Spring Festival 2018"]
[Site "Budapest"]
[Date "2018.04.18"]
[Round "1"]
[White "Ongut, Tamas Gunes"]
[Black "Torma, Robert"]
[Result "1/2-1/2"]
[WhiteElo "2256"]
[BlackElo "2473"]
[Annotator "TA"]
[PlyCount "113"]
[EventDate "2018.??.??"]
[EventType "swiss"]
[EventCountry "HUN"]
[SourceTitle "playchess.com"]
[Source "ChessBase"]
[SourceQuality "1"]

{[%evp 21,113,-91,-74,-77,-47,-81,0,-6,11,0,-11,0,0,-15,33,21,54,54,48,42,53,26,49,44,48,39,81,62,58,52,41,41,61,33,44,18,32,26,48,52,71,18,35,0,35,0,0,0,0,0,0,-62,-70,-66,-16,-19,0,0,0,-20,-12,-19,-12,-13,-16,-17,0,-23,-25,-41,-58,-29,-33,-133,0,0,5,0,0,0,0,0,7,6,0,0,0,0,0,0,0,0,0,0]} 1. e4 {[%cal Be2e4,Be4e5][%mdl 32]} e6 2. d4 d5 3. Nc3 Nf6 4. e5 Nfd7 5. f4 c5 6. Nf3 Nc6 7. Be3 a6 8. Qd2 b5 {[%cal Bb7b5,Bb5b4][%mdl 32]} 9. dxc5 Bxc5 10. O-O-O {C11: French: Classical System: 4 e5 and 4 Bg5 dxe4} (10. Ne2 O-O 11. Ned4 Qb6 12. c3 b4 13. Bd3 a5 14. O-O Ba6 15. Kh1 Bxd3 16. Qxd3 Qa6 17. Qc2 bxc3 18. bxc3 {½-½ (31) Dominguez Perez,L (2739)-So,W (2788) Saint Louis 2017}) 10... Qb6 11. Bxc5 Nxc5 {LiveBook: 11 Games} 12. Nd4 {Black is better.} b4 13. Nce2 Ne7 $146 ({Better is} 13... Nxd4 $17 14. Nxd4 O-O) ({Predecessor:} 13... Ne4 14. Qe1 Bd7 {½-½ (14) Sljukic,M (2199)-Rutesic,V (2122) Sombor 2017}) 14. g4 $11 h5 15. gxh5 Rxh5 16. Ng3 Rh8 17. Be2 g6 18. h4 {next h5 is good for White.} Bb7 19. h5 O-O-O 20. hxg6 Nxg6 21. Qe3 Ne4 {[#] aiming for ...Nxg3.} 22. Bh5 Rhg8 23. Nge2 a5 24. Rhg1 Ba6 25. Ng3 Bb7 26. Bxg6 fxg6 27. Nxe4 (27. Rg2 {keeps more tension.} Kb8 28. a4 Nc5 29. b3 Rc8 30. Qg1) 27... dxe4 28. Nf5 (28. a4 {feels hotter.} Kb8 29. Rd2 Rc8 30. Nf5 Qxe3 31. Nxe3 Rcf8 32. Rd6) 28... Qxe3+ 29. Nxe3 Rdf8 30. Rg4 Ba6 31. Rdg1 (31. Rd6 $16 Bb5 32. Rb6) 31... Kd7 32. Rd1+ Ke7 33. Rd4 Be2 34. Rg2 Bb5 35. Rf2 Rh8 36. c4 (36. Rd6 $11) 36... bxc3 $1 $15 37. bxc3 Bd3 {White must now prevent ...Rb8.} 38. Rb2 {And now Rb7+ would win.} Rb8 39. Rxb8 Rxb8 $11 {[%mdl 4096] Endgame KRB-KRN} 40. Nc2 Rh8 41. Ne1 $1 Rh1 42. Kd2 Rh2+ 43. Kc1 $1 Rh1 44. Kd2 Bb1 45. a3 e3+ 46. Ke2 Bf5 {Threatens to win with ...Bg4+.} 47. Nf3 {[#]} ({White should try} 47. Ng2 $1 $15) 47... Bg4 ({Black should play} 47... Rh3 $1 $17 {Hoping for ...Bg4.} 48. Rd1 Bg4) 48. Rd3 $1 {The position is equal.} ({Not} 48. Kxe3 $2 Rh3 $19) 48... Ra1 $132 {[%mdl 2048] Black is not keeping still} 49. c4 Rc1 50. Kxe3 Rxc4 51. Nd2 Rc7 52. Ne4 Rc1 53. Nf6 Bf5 54. Rd7+ Kf8 55. Nh7+ Ke8 56. Nf6+ Kf8 57. Nh7+ {Precision: White = 52%, Black = 51%.} 1/2-1/2